[Event "Ljubljana-chT 64th 1st League"]
[Site "Ljubljana"]
[Date "2011.01.20"]
[Round "2.4"]
[White "Nikolic, Zoran I"]
[Black "Bajraktarevic, Bajro"]
[Result "0-1"]
[WhiteElo "1604"]
[BlackElo "1709"]
[PlyCount "52"]
[EventDate "2011.01.13"]
[EventType "team-tourn"]
[EventRounds "9"]
[EventCountry "SLO"]
[SourceTitle "EXT 2022"]
[Source "ChessBase"]
[SourceDate "2021.10.06"]
[SourceVersion "1"]
[SourceVersionDate "2021.10.06"]
[SourceQuality "1"]
[WhiteTeam "Crni Graben"]
[BlackTeam "Zeleznicar"]
[WhiteTeamCountry "SLO"]
[BlackTeamCountry "SLO"]

1. c4 c5 2. Nc3 Nc6 3. e3 e6 4. d4 d5 5. cxd5 exd5 6. dxc5 Nf6 7. a3 Bxc5 8. b4 Bd6 9. Bb2 0-0 10. Nf3 Re8 11. Be2 a5 12. b5 Ne7 13. 0-0 Bg4 14. h3 Bf5 15. Qb3 Rc8 16. Rad1 Qd7 17. Rd4 Bc5 18. Rh4 Ng6 19. Ra4 Bxh3 20. gxh3 Qxh3 21. Nxd5 Ne4 22. Bxg7 Kxg7 23. Qb2+ Kh6 24. Nf6 Nf4 25. exf4 Nxf2 26. Nd4 Qg3# 0-1

[Event "Ljubljana-chT 64th 1st League"]
[Site "Ljubljana"]
[Date "2011.01.13"]
[Round "1.4"]
[White "Cop, Jaka"]
[Black "Nikolic, Zoran I"]
[Result "0-1"]
[WhiteElo "1632"]
[BlackElo "1604"]
[PlyCount "110"]
[EventDate "2011.01.13"]
[EventType "team-tourn"]
[EventRounds "9"]
[EventCountry "SLO"]
[SourceTitle "EXT 2022"]
[Source "ChessBase"]
[SourceDate "2021.10.06"]
[SourceVersion "1"]
[SourceVersionDate "2021.10.06"]
[SourceQuality "1"]
[WhiteTeam "Ig"]
[BlackTeam "Crni Graben"]
[WhiteTeamCountry "SLO"]
[BlackTeamCountry "SLO"]

1. e4 c5 2. Nf3 e6 3. d4 cxd4 4. Nxd4 Bc5 5. Nb3 Qb6 6. Nxc5 Qxc5 7. Nc3 a6 8. Be3 Qb4 9. Qd4 Qxd4 10. Bxd4 f6 11. Be2 Nc6 12. Bb6 Nge7 13. 0-0-0 0-0 14. f3 Re8 15. Bc4 Kh8 16. Na4 Ne5 17. Bb3 Nf7 18. Nc5 Nc6 19. Nxd7 a5 20. Nc5 h6 21. f4 Kh7 22. f5 Nfe5 23. Bxe6 a4 24. h3 a3 25. b3 Bxe6 26. Nxe6 Rac8 27. Nc5 Nb4 28. Kb1 Rc6 29. Ba5 Nxc2 30. Nxb7 Ne3 31. Rd2 Rb8 32. Nd8 Rc5 33. Re1 N3c4 34. Ne6 Rxa5 35. Rd5 Rxd5 36. exd5 Nd6 37. Rc1 Nxf5 38. Rc7 Rg8 39. b4 Nd6 40. Ra7 Rb8 41. Rxa3 Rxb4+ 42. Kc2 Rb5 43. Ra7 Rxd5 44. Rxg7+ Kh8 45. Ra7 Ndc4 46. g4 Rd2+ 47. Kc3 Rd3+ 48. Kc2 Rxh3 49. Ra8+ Kh7 50. Ra7+ Kg8 51. a4 Ne3+ 52. Kd2 N3xg4 53. Rg7+ Kh8 54. a5 Ra3 55. Ra7 Nc4+ 0-1

[Event "Ljubljana-chT 62nd 2nd League"]
[Site "Ljubljana"]
[Date "2009.01.08"]
[Round "1.4"]
[White "Menart, Stane"]
[Black "Nikolic, Zoran I"]
[Result "1-0"]
[WhiteElo "1504"]
[BlackElo "1556"]
[PlyCount "120"]
[EventDate "2009.01.08"]
[EventType "team-tourn"]
[EventRounds "9"]
[EventCountry "SLO"]
[SourceTitle "EXT 2022"]
[Source "ChessBase"]
[SourceDate "2021.10.06"]
[SourceVersion "1"]
[SourceVersionDate "2021.10.06"]
[SourceQuality "1"]
[WhiteTeam "Ljubljana Toplarna"]
[BlackTeam "Crni Graben"]
[WhiteTeamCountry "SLO"]
[BlackTeamCountry "SLO"]

1. e4 c5 2. c4 Nc6 3. Nc3 e6 4. Nf3 d6 5. Be2 Be7 6. 0-0 Nf6 7. d4 cxd4 8. Nxd4 0-0 9. a3 a6 10. b4 e5 11. Nxc6 bxc6 12. h3 h6 13. Be3 Qc7 14. Rc1 Rd8 15. Na4 c5 16. bxc5 dxc5 17. Qc2 Bb7 18. Nc3 Rab8 19. Nd5 Nxd5 20. cxd5 Qa5 21. Qc3 Qxc3 22. Rxc3 f5 23. f3 Rbc8 24. Rfc1 Rc7 25. Rb1 Rdc8 26. Rb6 Bd8 27. Bc4 Rd7 28. Re6 Kh8 29. Bxa6 Bxa6 30. Rxa6 fxe4 31. fxe4 Be7 32. Rc4 Kg8 33. Re6 Bd6 34. Ra4 c4 35. Ra6 Bf8 36. Rec6 Rdc7 37. Bd2 Kf7 38. a4 Rxc6 39. dxc6 Bc5+ 40. Kf1 Bd4 41. Bb4 Rc7 42. Ke2 h5 43. g4 hxg4 44. hxg4 Kg6 45. Bd6 Rc8 46. c7 Kf6 47. Rc6 c3 48. Kd3 Ke6 49. Bb4+ Kd7 50. Rc4 Bb6 51. Bxc3 Bxc7 52. Rc5 Kd6 53. Kc4 Re8 54. a5 Kd7 55. Kd5 g6 56. Rc6 Rg8 57. Ra6 Re8 58. Rxg6 Rc8 59. Rg5 Ke8 60. Rg8+ Kd7 1-0